000 00287nam a22001337a 4500
008 170823b xxu||||| |||| 00| 0 eng d
020 _a3540541748
041 _aeng
080 _a51
100 _a38
101 _aMAT
245 _aMISCELLANEA MATHEMATICA
_cATIYAH,M
942 _2udc
_cBK
999 _c24723
_d24723